Social mobilisation and modern society. (Record no. 172449)

MARC details
000 -LEADER
fixed length control field 00482nam a2200181Ia 4500
003 - CONTROL NUMBER IDENTIFIER
control field OSt
005 - DATE AND TIME OF LATEST TRANSACTION
control field 20230518153046.0
008 - FIXED-LENGTH DATA ELEMENTS--GENERAL INFORMATION
fixed length control field 210423s2001 xx 000 0 und d
040 ## - CATALOGING SOURCE
Transcribing agency AL
041 ## - LANGUAGE CODE
Language code of text/sound track or separate title eng
082 ## - DEWEY DECIMAL CLASSIFICATION NUMBER
Classification number 301
Edition number 23
Item number BARS
100 ## - MAIN ENTRY--PERSONAL NAME
Personal name BAREEA (Jayanti).
9 (RLIN) 108771
245 ## - TITLE STATEMENT
Title Social mobilisation and modern society.
260 ## - PUBLICATION, DISTRIBUTION, ETC.
Place of publication, distribution, etc. New Delhi
Name of publisher, distributor, etc. Mittal Publications
Date of publication, distribution, etc. 2001
365 ## - TRADE PRICE
Price amount 595
Currency code INR
906 ## - LOCAL DATA ELEMENT F, LDF (RLIN)
a mobilisation ; modern ; Social ; society
942 ## - ADDED ENTRY ELEMENTS (KOHA)
Source of classification or shelving scheme Dewey Decimal Classification
Koha item type Book
Holdings
Withdrawn status Lost status Damaged status Not for loan Collection code Home library Current library Date acquired Source of acquisition Cost, normal purchase price Total Checkouts Full call number Barcode Date last seen Date last checked out Price effective from Koha item type
        MSW St Aloysius PG Library St Aloysius PG Library 01/28/2002 Sita Book House 595.00 1 301 BARS PG018997 12/06/2022 11/29/2022 04/26/2021 Book